| 000 | 00515cam a2200181 a 4500 | ||
|---|---|---|---|
| 020 | _a0471962643 (pbk) : | ||
| 040 | _cUKM | ||
| 082 | 0 | 4 | _a621 JWI 1997 A043 Or. |
| 245 | 0 | 0 | _aMini hydropower / |
| 260 |
_aChichester ; _aNew York : _bJ. Wiley, _c1997 |
||
| 300 |
_aix, 312 p. : _bill., maps ; _c25 cm |
||
| 500 | _aIncludes bibliographical references and index | ||
| 650 | 0 | _aHydroelectric power plants | |
| 650 | 0 | _aRenewable energy sources | |
| 650 | 0 | _aWater-supply | |
| 700 | 1 | _aTong, Jiandong | |
| 942 | _cEK | ||
| 999 |
_c12613 _d12613 |
||